00352nam a2200121Ia 4500008004100000041001200041100001300053245007500066260005000141300000800191650001500199700001600214221030s9999 xx 000 0 und d aEnglish aB. Singh 0aGeneral Studies Volume : 1 G. K. & Geographycby B. Singh, A. P. Singh bMade Easy Engg. India CentreaNew Delhic2010 a264 aBb General aA. P. Singh